000
00217 a2200097 4500
001
57497
100
_a
245
_a
Quality planning and analysis
260
_a
Boston
_b
Mc-Graw Hill Pub
_c
2001
090
_c
35227
_d
35227
942
_a
NUST-CAE
_c
_c
28033
999
_c
292570
_d
292570